Info_XBMQ : la xarxa Barcelona Municipis de Qualitat on-line la xarxa Barcelona Municipis de Qualitat on-line
Descripción Física:
15 pàgines : il·lustracions ; 30 cm
Materias:
Xarxa Barcelona Municipis de Qualitat
; Municipis -- Govern i administració -- Barcelona (Catalunya : Província)
; Administració local -- Manuals, guies, etc. -- Barcelona (Província)
Idioma:
Catalán
MARC
| LEADER | 00000nam a2200000uc 4500 | ||
|---|---|---|---|
| 001 | 26013887 | ||
| 008 | s2005||||sp ||||gr|||| ||| ||cat|d | ||
| 040 | |a BGR |b cat | ||
| 080 | |a FU-72-50 | ||
| 245 | 0 | 0 | |a Info_XBMQ : |b la xarxa Barcelona Municipis de Qualitat on-line |
| 260 | |a Barcelona : |b Diputació. Xarxa Barcelona municipis de Qualitat [2004-2007], |c desembre 2005 | ||
| 300 | |a 15 pàgines : |b il·lustracions ; |c 30 cm | ||
| 610 | 2 | 0 | |a Xarxa Barcelona Municipis de Qualitat |9 41491 |
| 650 | 0 | |a Municipis |x Govern i administració |x Barcelona (Catalunya : Província) |9 42329 | |
| 650 | 0 | |a Administració local |v Manuals, guies, etc. |z Barcelona (Província) | |
| 710 | 2 | |9 41491 |a Xarxa Barcelona Municipis de Qualitat | |
| 710 | 1 | |a Barcelona (Catalunya : Província). |b Diputació |9 52408 | |
| 942 | |c ARXIU |2 udc |n 1 | ||
| 952 | |0 0 |1 0 |4 0 |7 1 |9 63367 |a Arxiu |b Arxiu |d 2022-08-09 |o FU-72-50 |p 26417 |r 2022-08-09 00:00:00 |w 2022-08-09 |y ARXIU |z Donatiu BGR | ||
| 999 | |c 20152 |d 20152 | ||